WGI Percussion quiz - Statistics

General Stats
  • This quiz has been taken 23 times
  • The average score is 10 of 15
Answer Stats
Hint Answer % Correct
#3 RCC
95%
#1 Pulse Percussion
90%
#4 Broken City
85%
#5 Music City Mystique
85%
#2 Rhythm X
85%
#11 George Mason University
70%
#6 Infinity
70%
#10 POW percussion
70%
#12 Atlanta Quest
65%
#13 Cap City
65%
#9 Matrix
65%
#14 ConneXus
60%
#8 Monarch Independent
50%
#7 United Percussion
50%
#15 Rhythmic Force Percussion
40%
No matching quizzes found
Score Distribution
Percent of People with Each Score
Percentile by Number Answered
Your Score History
You have not taken this quiz